Who were the shudras? : (Record no. 37725)

MARC details
000 -LEADER
fixed length control field 00668nam a22001937a 4500
005 - DATE AND TIME OF LATEST TRANSACTION
control field 20100726140345.0
010 ## - LCCN (DPL NO)
LC control number ENG-96821
020 ## - INTERNATIONAL STANDARD BOOK NUMBER
International Standard Book Number 8187733330
Terms of availability 600.00
035 ## - SYSTEM CONTROL NUMBER
System control number EN-80354
037 ## - SOURCE OF ACQUISITION
Source of stock number/acquisition DBAD/PUB
082 ## - DEWEY DECIMAL CLASSIFICATION NUMBER
Classification number 915.4
100 ## - MAIN ENTRY--PERSONAL NAME
Personal name Ambedkar, B R
245 ## - TITLE STATEMENT
Title Who were the shudras? :
Remainder of title how they came to be the fourth varna in the indo-aryan society /
Statement of responsibility, etc by B R Ambedkar
260 ## - PUBLICATION, DISTRIBUTION, ETC. (IMPRINT)
Place of publication, distribution, etc New Delhi
Name of publisher, distributor, etc Gautam book centre
Date of publication, distribution, etc 2008
270 ## - ADDRESS
Address Chandan sadan, C-263A, street no-9 Hardevpuri, shahdara
300 ## - PHYSICAL DESCRIPTION
Extent 250 p
Dimensions 21 cm.(Hb)
Accompanying material includes maps
500 ## - GENERAL NOTE
General note includes bibliographical references and index
942 ## - ADDED ENTRY ELEMENTS (KOHA)
Source of classification or shelving scheme Dewey Decimal Classification
Item type English Books
Classification part 915.4
Call number suffix AMB

No items available.


© Delhi Public Library
Hit Counter
free hit counter